Statistics for Biggest European Cities by Letter

Click here to take the quiz!

General Stats

  • This quiz has been taken 2,889 times
  • The average score is 13 of 25

Answer Stats

PopulationCity% Correct
L8,174,000London
96%
B3,460,725Berlin
94%
M11,514,330Moscow
93%
P2,211,297Paris
93%
R2,761,477Rome
83%
W1,716,855Warsaw
79%
A3,158,400Athens
78%
I8,803,468Istanbul
76%
V1,714,142Vienna
72%
K2,785,131Kiev
68%
C1,199,224Copenhagen
67%
F679,664Frankfurt
64%
H1,786,448Hamburg
60%
T907,563Turin
47%
G637,000Glasgow
41%
S1,202,761Sofia
36%
E574,635Essen
31%
Y1,350,136Yekaterinburg
26%
O1,010,326Odessa
25%
U1,062,300Ufa
14%
N1,250,615Nizhny Novgorod
13%
J208,896Jerez De La Frontera
6%
Q100,300Queluz
3%
Z780,733Zaporozhye
3%
D1,011,177Dnepropetrovsk
2%

Score Distribution

Percentile by Number Answered

Percent of People with Each Score

Your Score History

You have not taken this quiz